| 000 | 00664nam a22002057a 4500 | ||
|---|---|---|---|
| 003 | OSt | ||
| 005 | 20130531140509.0 | ||
| 008 | 130531s1998 sp ||||| |||| 00| 0 spa d | ||
| 020 | _a8483081032 | ||
| 040 | _cCDMR | ||
| 245 | 0 | 0 |
_aTextos periodísticos de opinión _b: 1975-1996 _cedición de Rosa Martínez Montón |
| 260 |
_aBarcelona _bHermes _c1997 |
||
| 300 | _a403 p. | ||
| 490 |
_aBiblioteca Hermes. _aClásicos Castellanos _v20 |
||
| 650 | 0 | 4 |
_93625 _aDiaris _bOpinió _vSeccions, columnes, etc _xOpinió _zEspanya |
| 650 | 0 | 4 |
_9468 _aDiaris _zEspanya _vRecull d'escrits |
| 650 | 0 | 4 |
_93628 _aAssaig |
| 700 | 1 |
_93620 _aMartínez Montón, Rosa _eed. |
|
| 942 |
_2udc _cMON |
||
| 999 |
_c6373 _d6373 |
||